00414nam a2200181Ia 4500003000900000008004100009040001300050040001300063041000800076100002500084245004300109250001000152260001200162260000900174300001200183490003100195490000600226IT-RoPAU120407s9999 xx 000 0 und d aIT-RoPAU cIT-RoPAU afra aAnselmo di Havelberg aDialogues. (Testo latino - francese). aParis aDu Cerf c1966 c19.5 cm aSources Chrétiennes, 118 v0